Statistics for College Football Matchups: Wisconsin

Click here to take the quiz!

General Stats

  • This quiz has been taken 53 times
  • The average score is 12 of 16

Answer Stats

# of GamesOpponentLast Meeting% Correct
70Michigan10/02/2021
100%
131Minnesota11/27/2021
100%
84Ohio State12/07/2019
100%
54Michigan State10/12/2019
97%
95Iowa10/30/2021
95%
62Indiana12/05/2020
92%
15Nebraska11/20/2021
92%
20Penn State09/04/2021
92%
88Purdue10/23/2021
92%
88Illinois10/09/2021
89%
103Northwestern11/13/2021
89%
17Notre Dame09/25/2021
55%
11UCLA12/29/2000
53%
13Northern Illinois09/17/2011
21%
10UNLV09/01/2011
18%
9South Dakota State09/25/1937
13%

Score Distribution

Percentile by Number Answered

Percent of People with Each Score

Your Score History

You have not taken this quiz